000 00219nam a22000857a 4500
008 160921b xxu||||| |||| 00| 0 eng d
100 _9702
_aPal.Y.etal
245 _aSee Biology-9
260 _aNew Delhi
_bAPC. Publications
_c2011
999 _c3359
_d3359